Políticas de la universidad para el futuro inmediato documento síntesis de discusiones y recomendaciones (Registro nro. 21256)

Detalles MARC
000 -ENCABEZADO
Número de control [NR] 01125nam a2200229Ia 4500
008 - DE LONGITUD FIJA DE DATOS DE ELEMENTOS - INFORMACIÓN GENERAL
Elementos de longitud fija [NR] 130821s1997 ck gr spa
040 ## - FUENTE DE CATALOGACION [NR]
Agencia de catalogación original [NR] Co-BoUCM
Idioma de catalogación [NR] spa
041 00 - CODIGO DE IDIOMA [R]
Código de idioma para texto/pista de sonido o título separado [R] Español
111 1# - ASIENTO PRINCIPAL--NOMBRE DE REUNION [NR]
Nombre de reunión o de jurisdicción como elemento de entrada [NR] Seminario de Planes y Programas 1997-2000 (
Fecha de la reunión [NR] 1997 Feb. 27 - Mar. 2
Lugar de la reunión [NR] Girardot)
245 10 - MENCION DE TITULO [NR]
Título [NR] Políticas de la universidad para el futuro inmediato documento síntesis de discusiones y recomendaciones
Mención de responsabilidad, etc. [NR] Colegio Mayor de Nuestra Señora del Rosario.
246 ## - FORMA VARIANTE DEL TITULO [R]
Título propiamente dicho/forma breve del título [NR] Universidad del Rosario año 2.000
260 ## - PUBLICACION, DISTRIBUCION, ETC. (PIE DE IMPRENTA) [R]
Lugar de publicación, distribución, etc. [R] Bogotá (Cundinamarca, Colombia)
Nombre del editor, distribuidor, etc. [R] La Universidad
Fecha de publicación, distribución, etc. [R] 1997
300 ## - DESCRIPCION FISICA [R]
Extensión [R] 50 páginas
504 ## - NOTA DE BIBLIOGRAFIA, ETC. [R]
Nota de bibliografía, etc. [NR]
610 ## - ASIENTO SECUNDARIO DE MATERIA - NOMBRE CORPORATIVO [R]
Nombre corporativo o nombre de la jurisdicción como elemento de entrada [NR] Universidad Colegio Mayor de Nuestra Señora del Rosario
Subdivisión de forma [R] Planes de estudio
-- Congresos, conferencias, etc.
9 (RLIN) 3797
650 04 - ASIENTO SECUNDARIO DE MATERIA - TERMINO TEMATICO [R]
Término temático o nombre geográfico como elemento de entrada [NR] Educación superior
9 (RLIN) 177
650 04 - ASIENTO SECUNDARIO DE MATERIA - TERMINO TEMATICO [R]
Término temático o nombre geográfico como elemento de entrada [NR] Educación superior
Subdivisión geográfica [R] Colombia
Subdivisión de forma [R] Congresos, conferencias, etc.
650 04 - ASIENTO SECUNDARIO DE MATERIA - TERMINO TEMATICO [R]
Término temático o nombre geográfico como elemento de entrada [NR] Planificación educativa
Subdivisión geográfica [R] Colombia
Subdivisión cronológica [R] 1997-2000
Subdivisión de forma [R] Congresos, conferencias, etc.
9 (RLIN) 21658
710 ## - ASIENTO SECUNDARIO - NOMBRE CORPORATIVO [R]
Nombre corporativo o de jurisdicción como elemento de entrada [NR] Universidad Colegio Mayor de Nuestra Señora Del Rosario
942 ## - ELEMENTOS DE ENTRADA AGREGADOS (KOHA)
Tipo de ítem principal el descrito en 300a Libro
Tema principal Generalidades
Edición 1
Parte restante de la signatura top. S471p
Sistema de clasificación DEWEY
Clasificación 378.19
Existencias
Fecha de último préstamo Total préstamos Signatura topográfica Código de barras Última vez visto Ejemplar Price effective from Tipo de ítem Perdido Sistema de clasificación Dañado No prestable Tipo de ítem específico Suprimido Ubicación habitual Ubicación actual Localización Fecha de creación Forma de adquisición Costo
    378.19 S471p 100078613 26/02/2022 Ej.2 03/02/2013 Edición Rosarista   DEWEY     Libro Edición Rosarista   Bodega Bodega Préstamo 4 días después de solicitado 28/02/2006 Donación 26000.00
09/06/2008   378.19 S471p 100086415 05/12/2025 Ej.3 03/02/2013 Libro   DEWEY     Libro   Claustro Claustro 2do piso 08/02/2008 Donación 26000.00